000 00966nas a2200301 4500
001 BR2018000566
003 BR-BrBNA
005 20231205131250.0
007 ta
008 230509b bl.|||p| |||| 00| 00por d
040 _aBR-BrBNA
_bpor
_cBiblioteca Nacional de Agricultura
041 _a(En)
072 _aH60
100 1 _aBarbosa, J. de A.
100 1 _aFerreira, S.D.
100 1 _aSalvalaggio, A.C.
100 1 _aCosta, N.V. da
100 1 _aEcher, M. de M.
245 1 _aAllelopathy of aqueous Pachyrhizus erosus L.extracts on Euphorbia heterophylla and Bidens pilosa
650 _aERVA DANINHA
650 _aALELOPATIA
650 _aJICAMA
650 _aPICÃO PRETO
773 0 _tPesquisa Agropecuária Tropical (Brazil)
_xISSN 1983-4063
_g(Jan-Mar 2018), v. 48(1) p. 59-65
_wBR2018000566
856 4 0 _uhttp://www.scielo.br/pdf/pat/v48n1/1983-4063-pat-48-01-0059.pdf
909 _a202311
_bLúcia
_c55
_dLúcia Elande
942 _2AGRIS
_n0
_cANA
999 _c253877
_d253877